Größte Flughäfen 2023 - Statistiken

Allgemein
  • Dieses Quiz wurde 206 mal gespielt
  • Das Durchschnittsergebnis liegt bei 6 aus 10
Antwortstatistiken
Passagiere in Millionen Flughafen % Korrekt
49,37 London-Heathrow
89%
56,50 Dubai Airport
77%
61,22 Hartsfield–Jackson Atlanta International Airport
74%
44,48 Los Angeles International Airport
74%
52,69 Tokio-Haneda
74%
46,40 Istanbul Airport
63%
43,70 Chicago O’Hare International Airport
55%
48,08 Dallas Fort Worth
41%
46,74 Denver International Airport
34%
43,43 Guangzhou-Baiyun
25%
Keine übereinstimmenden Quizze gefunden
Verteilung der Resultate
Anzahl Personen mit jedem Resultat
Perzentil nach korrekt beantworteten Fragen
Ihre Resultats-Entwicklung
Sie haben dieses Quiz noch nicht gespielt